Old men of the fiesta (Record no. 10312)

MARC details
000 -CABECERA
campo de control de longitud fija 01195nam a2200301 a 4500
001 - NÚMERO DE CONTROL
campo de control BRL_1502
005 - FECHA Y HORA DE LA ÚLTIMA TRANSACCIÓN
campo de control 20190320211234.0
008 - DATOS DE LONGITUD FIJA--INFORMACIÓN GENERAL
campo de control de longitud fija 300114s1980----u--ao#####---#000-0#eng-#
041 ## - CÓDIGO DE LENGUA
Código de lengua del texto/banda sonora o título independiente spa
044 ## - CÓDIGO DEL PAÍS DE LA ENTIDAD EDITORA/PRODUCTORA
Código MARC del país u
050 #4 - SIGNATURA TOPOGRÁFICA DE LA BIBLIOTECA DEL CONGRESO
Número de clasificación F1221.Y3
Número de documento/Ítem .G75 1980
100 1# - ENTRADA PRINCIPAL--NOMBRE DE PERSONA
Nombre de persona Griffith, James S.
9 (RLIN) 27112
245 10 - MENCIÓN DE TÍTULO
Título Old men of the fiesta
Resto del título an introduction to the Pascola Arts
Mención de responsabilidad, etc. by James S. Griffith and Felipe S. Molina ; foreword by Patrick T. Houlihan.
260 ## - PUBLICACIÓN, DISTRIBUCIÓN, ETC.
Lugar de publicación, distribución, etc. Phoenix, Arizona
Nombre del editor, distribuidor, etc. The Heard Museum
Fecha de publicación, distribución, etc. 1980
300 ## - DESCRIPCIÓN FÍSICA
Extensión 47 p.
Otras características físicas il., mapas
Dimensiones 20 cm.
500 ## - NOTA GENERAL
Nota general Au1732
500 ## - NOTA GENERAL
Nota general Incluye dedicatoria a Ruth Lechuga
500 ## - NOTA GENERAL
Nota general Prepared in coordination with an Exhibition by The Heard Museum april 12- agust 15, 1980
504 ## - NOTA DE BIBLIOGRAFÍA, ETC.
Nota de bibliografía, etc. Bibliografía: p. 44-46
650 14 - PUNTO DE ACCESO ADICIONAL DE MATERIA--TÉRMINO DE MATERIA
Término de materia o nombre geográfico como elemento de entrada Yaquis
Subdivisión de forma Exposiciones
Subdivisión general Ritos y ceremonias
9 (RLIN) 27113
650 14 - PUNTO DE ACCESO ADICIONAL DE MATERIA--TÉRMINO DE MATERIA
Término de materia o nombre geográfico como elemento de entrada Mayos
Subdivisión de forma Exposiciones
Subdivisión general Ritos y ceremonias
9 (RLIN) 27114
650 14 - PUNTO DE ACCESO ADICIONAL DE MATERIA--TÉRMINO DE MATERIA
Término de materia o nombre geográfico como elemento de entrada Indígenas de México
Subdivisión de forma Exposiciones
Subdivisión general Ritos y ceremonias
Subdivisión geográfica Sonora (Estado)
9 (RLIN) 27115
650 14 - PUNTO DE ACCESO ADICIONAL DE MATERIA--TÉRMINO DE MATERIA
Término de materia o nombre geográfico como elemento de entrada Indígenas de América del Norte
Subdivisión de forma Exposiciones
Subdivisión general Ritos y ceremonias
Subdivisión geográfica Arizona
9 (RLIN) 27116
700 1# - PUNTO DE ACCESO ADICIONAL--NOMBRE DE PERSONA
Nombre de persona Molina, Felipe S.
9 (RLIN) 27117
700 1# - PUNTO DE ACCESO ADICIONAL--NOMBRE DE PERSONA
Nombre de persona Houlihan, Patrick T.
9 (RLIN) 27118
902 ## - CATALOGADOR
Iniciales GRL
942 ## - ELEMENTOS DE PUNTO DE ACCESO ADICIONAL (KOHA)
Fuente del sistema de clasificación o colocación Library of Congress Classification
Tipo de ítem Koha Libros
Holdings
Estado de retiro Estado de pérdida Estado dañado No para préstamo Localización permanente Ubicación/localización actual Fecha de adquisición Número de inventario Total de préstamos Signatura topográfica completa Código de barras Fecha visto por última vez Precio válido a partir de Tipo de ítem Koha
El ejemplar forma parte de la colección y puede ser consultado según las políticas vigentes.       Biblioteca Centro de Estudios Ruth D. Lechuga Biblioteca Centro de Estudios Ruth D. Lechuga 30/01/2014 Au1732   F1221.Y3 .G75 1980 (Au1732) GRL01663 22/03/2019 22/03/2019 Libros